LEADER 00919nam0-2200325---450 001 990009343770403321 005 20190520114053.0 010 $a978-88-568-1195-7 035 $a000934377 035 $aFED01000934377 035 $a(Aleph)000934377FED01 035 $a000934377 100 $a20110414d2009----km-y0itay50------ba 101 0 $aita 102 $aIT 105 $a--------001yy 200 1 $aIndici e modelli di sostenibilitą$fPaolo Tenuta 210 $aMilano$cF. Angeli$dc2009 215 $a125 p.$d22 cm 225 1 $aEconomia$iRicerche$v734 610 0 $aAziende$aGestione ambientale$aValutazione 676 $a658.4083$v20$zita 700 1$aTenuta,$bPaolo$0472684 801 0$aIT$bUNINA$gRICA$2UNIMARC 901 $aBK 912 $a990009343770403321 952 $a60 658.408 TENP 2009$b12650$fFAGBC 959 $aFAGBC 996 $aIndici e modelli di sostenibilitą$9226063 997 $aUNINA LEADER 02340nam 2200601 450 001 9910453162503321 005 20200520144314.0 010 $a0-262-31847-4 035 $a(CKB)2550000001193010 035 $a(SSID)ssj0001082939 035 $a(PQKBManifestationID)11653367 035 $a(PQKBTitleCode)TC0001082939 035 $a(PQKBWorkID)11101732 035 $a(PQKB)10823339 035 $a(StDuBDS)EDZ0000234265 035 $a(MiAaPQ)EBC4514472 035 $a(OCoLC)865508694 035 $a(MdBmJHUP)muse33153 035 $a(OCoLC-P)865508694 035 $a(MaCbMITP)9605 035 $a(Au-PeEL)EBL4514472 035 $a(CaPaEBR)ebr11354244 035 $a(CaONFJC)MIL550345 035 $a(OCoLC)865659472 035 $a(EXLCZ)992550000001193010 100 $a20170309h20142014 uy 0 101 0 $aeng 135 $aur||||||||||| 181 $ctxt 182 $cc 183 $acr 200 14$aThe first sense $ea philosophical study of human touch /$fMatthew Fulkerson 210 1$aCambridge, Massachusetts ;$aLondon, England :$cThe MIT Press,$d2014. 210 4$d©2014 215 $a1 online resource (xvi, 219 pages) 300 $aBibliographic Level Mode of Issuance: Monograph 311 $a0-262-01996-5 320 $aIncludes bibliographical references and index. 330 8 $aFulkerson offers a philosophical account of human touch, one informed and constrained by empirical work on touch. He begins by arguing that human touch, despite its functional diversity, is a single, unified sensory modality. From there, he describes and argues for a novel, unifying role for exploratory action in touch. Later chapters fill in the details of this unified, exploratory form of perception, offering philosophical accounts of tool use and distal touch, the representational structure of tangible properties, the spatial content of touch, and the role of pleasure in tactual experience. 606 $aTouch 606 $aSenses and sensation 608 $aElectronic books. 615 0$aTouch. 615 0$aSenses and sensation. 676 $a152.1/82 700 $aFulkerson$b Matthew$f1977-$01051671 801 0$bMiAaPQ 801 1$bMiAaPQ 801 2$bMiAaPQ 906 $aBOOK 912 $a9910453162503321 996 $aThe first sense$92482352 997 $aUNINA